000 00274nam a22001217a 4500
008 180131b xxu||||| |||| 00| 0 eng d
041 _aeng
080 _a616.9
100 _a616.9
101 _ainf
245 _ainfectious diseases of swimi
_csmith.h.c
942 _2udc
_cBK
999 _c41322
_d41322